000
00349pab a2200157 454500
008
180718b2010 xxu||||| |||| 00| 0 eng d
100
_a
Ray, Sankar
245
_a
An enduring loss to the Sharqi tradition
260
_c
2010
300
_a
p.15.
362
_a
3 Dec
650
_a
Religion
773
_a
Mainstream
908
_a
N
909
_a
89946
999
_c
89946
_d
89946